शांतारामा (Record no. 338937)

MARC details
000 -LEADER
fixed length control field 00544nam a2200169Ia 4500
008 - FIXED-LENGTH DATA ELEMENTS--GENERAL INFORMATION
fixed length control field 090711s9999 xx 000 0 und d
082 ## - DEWEY DECIMAL CLASSIFICATION NUMBER
Item number 1891
100 ## - MAIN ENTRY--PERSONAL NAME
Personal name व्ही. शांताराम
245 ## - TITLE STATEMENT
Title शांतारामा
260 ## - PUBLICATION, DISTRIBUTION, ETC. (IMPRINT)
Name of publisher, distributor, etc सुनिती पब्लिकेशन्स
Date of publication, distribution, etc 1986
300 ## - PHYSICAL DESCRIPTION
Extent 582
600 ## - SUBJECT ADDED ENTRY--PERSONAL NAME
Personal name व्ही. शांताराम
630 ## - SUBJECT ADDED ENTRY--UNIFORM TITLE
Uniform title शांतारामा
700 ## - ADDED ENTRY--PERSONAL NAME
Personal name व्ही. शांताराम
730 ## - ADDED ENTRY--UNIFORM TITLE
Uniform title शांतारामा
942 ## - ADDED ENTRY ELEMENTS (KOHA)
Koha item type Book

No items available.